| 000 | 00528naa a2200145Ia 4500 | ||
|---|---|---|---|
| 003 | ES-SlBCS | ||
| 005 | 20210601152824.0 | ||
| 008 | 140519s1999 xxu||||| |||| 00| 0 eng d | ||
| 041 | _aeng | ||
| 100 | 1 |
_aBarkley, Russell A. _9272116 |
|
| 245 | 0 | 0 |
_aAttention-Deficit Hyperactivity Disorder _cRussell A. Barkley |
| 650 | 4 |
_aNeurociencia _9112996 |
|
| 773 | 0 |
_tThe Scientific American Book of the Brain : / - Aa. Vv., Antonio R. Damasio _dConnecticut : The Lyon Press, 1999 _g, págs. 219-228 _z1-55821-965-X _wVA72400 |
|
| 942 | _cAC | ||
| 999 |
_c781644 _d781644 |
||